000 01282nam a2200337 i 4500
005 20210818182027.0
008 s2000 ck a j e 000 0 spa d
020 _a9586771717
_qObra completa
020 _a9586771725
_qTomo 1
020 _a9586771733
_qTomo 2
020 _a9586771741
_qTomo 3
040 _aCOMFC
_bspa
_erda
100 1 _953117
_aOliveros, Diana E.
_eaut
245 1 3 _aEl baúl de la vida
_cDiana E. Oliveros, ilustración Juan Carlos Delgado, Diego Córdoba, Yody Castro, Federico Neira, Rafael Jiménez, Carolina Morales
250 _aGustavo de Elorza Martínez
264 0 1 _aSanta fe de Bogotá
_bZamora Editores
_c2000
300 _a3 tomos
_bilustraciones
336 _2rdacontent
_atxt
337 _2rdamedia
_an
338 _2rdacarrier
_anc
700 1 _953066
_aElorza Martínez, Gustavo de
_eedt
700 1 _953118
_aDelgado, Juan Carlos
_eill
700 1 _953119
_aCórdoba, Diego
_eill
700 1 _949047
_aCastro, Yody
_eill
700 1 _953120
_aNeira, Federico
_eill
700 1 _953121
_aJiménez, Rafael
_eill
700 1 _92737
_aMorales Borrero, Carolina
_eill
082 0 4 _aR372.37203
_bO48b
650 0 _aEducación Sexual
_vEnciclopedias y diccionarios
_936569
942 _2ddc
_h372.37203 O48b
_k372.37203
_mO48b
999 _c13833
_d13833